000 00492nam a22001811a 4500
001 5454
003 OSt
005 20260204212015.0
008 060124s1988||||cl ||||||b||||||||||spa||
020 _a9562530117
050 _a983 T517s
100 _aTironi Barrios, Eugenio
245 _aLos silencios de la revolución, Chile: la otra cara de la moneda / Eugenio Tironi Barrios
264 _aChile: La puerta Abierta
300 _a135 p
650 _a1.Historia - ChileÌ
942 _2ddc
_cBK
999 _c5454
_d5454